000 00634nam a22001937a 4500
005 20240805125550.0
010 _aENG-141215
020 _c500.00
_a9789393219329
035 _aEN-124747
037 _bDBAD
082 _aN
_2First
100 _aSharma, Janakraj
_969457
245 _aSarang/
_cby Janakraj Sharma and Translated by Vijendra Pratap Singh
260 _aDelhi
_bRising Stars
_c2024
270 _a600/5-A, Adarsh Mohalla, Gali No.-15, Maujpur
_bDelhi
_e110053
_k9891985727
_mPushpenderkumar163@gmail.com
300 _a141P;
_c23cm(hb)
700 _969414
_aTranslated by Vijendra Pratap Singh
942 _2ddc
_cEN
_hN
_mSha
999 _c204814
_d204814